| 000 | 01059cam a22002651i 4500 | ||
|---|---|---|---|
| 003 | SA-RiAUC | ||
| 005 | 20250704160748.0 | ||
| 008 | 250703s1997 ||| g 000 0 ara c | ||
| 040 |
_aSA-JeALM _bara _cSA-RiAUC _erda |
||
| 082 | 0 | 4 | _a253.1 |
| 090 |
_a253.1 _b ع ب د |
||
| 100 | 1 |
_aعبد البر، محمد زكي _eمؤلف. |
|
| 245 | 1 | 0 |
_aأحكام المعاملات المالية في المذهب الحنفي : _bعرض منهجي / _cمحمد زكي عبد البر. |
| 250 | _aالطبعة الأولى. | ||
| 264 | 1 |
_aالقاهرة : _bمكتبة دار التراث، _c1997 |
|
| 300 |
_a360 صفحة ؛ _c24 سم |
||
| 336 |
_aنص _btxt _2rdacontent _3كتاب |
||
| 337 |
_aبدون وسيط _bn _2rdamedia |
||
| 338 |
_aمجلد _bnc _2rdacarrier |
||
| 500 | _aإهداء من المؤلف محمد زكي عبد البر بتاريخ 1997/9/1 مـ | ||
| 650 | 7 |
_aالمعاملات (فقه إسلامي) _2aucsh |
|
| 650 | 7 |
_aالفقه الحنفي _2aucsh |
|
| 942 |
_2ddc _cBOOK _n0 |
||
| 949 |
_aSA-JeALM _d250703 _umohamedma123 _n1 |
||
| 999 |
_c9465 _d9465 |
||